000 00485nam a2200181Ia 4500
003 GCL
008 140319s9999 xx 000 0 eng d
040 _aGCL /
_cGCL
082 0 4 _a920.72
_bG F
100 1 _aGILES, KEVIN S
245 1 0 _aFLIGHT OF THE DOVE: THE STORY OF JEANNETTE RANKIN /
_cGILES, KEVIN S
260 _a[S.N] :
_bTHE TOUCHSOTNE PRESS ،
_c1980
300 _a256 P
650 0 4 _aWOMEN
650 0 4 _aBIOGRAPHIES
650 0 4 _aWOMEN - BIOGRAPHIES
942 _2ddc
_cBK
999 _c15190
_d15190